Cities Named after British People - Statistics

General Stats
  • This quiz has been taken 44 times
  • The average score is 15 of 23
Answer Stats
City's Location Named after... City % Correct
New Zealand Field Marshall Arthur Wellesley, 1st Duke of Wellington
95%
North Carolina, US Sir Walter _________ Raleigh
88%
British Columbia, Canada Queen _________ Victoria
85%
Victoria, Australia Prime Minister William Lamb, 2nd Viscount of _________ Melbourne
78%
New Zealand Lord George Eden, 1st Earl of _________ Auckland
76%
Northern Territory, Australia Charles Robert _________ Darwin
73%
New South Wales, Australia Prime Minister Thomas Townshend, 1st Viscount of _________ Sydney
73%
Guyana King _________ III Georgetown
71%
British Columbia, Canada Captain George _________ Vancouver
71%
Maryland, US Lord Cecil Calvert, 2nd Baron _________ Baltimore
68%
South Carolina, US King II Charleston
68%
Tasmania, Australia Sir Robert _________, 4th Earl of Buckinghamshire Hobart
66%
Pennsylvania, US Prime Minister William _________, 1st Earl of Chatham Pittsburgh
66%
New York, US King James II of England, Duke of _________ Albany
63%
New Zealand Vice-Admiral Horatio _________ , 1st Viscount _________ , 1st Duke of Bronté Nelson
63%
Queensland, Australia Major General Sir Thomas Makdougall _________ Brisbane
59%
Nova Scotia, Canada Lord George Montagu-Dunk, 2nd Earl of Halifax
56%
Southern Province, Zambia David _________ Livingstone
54%
Papua New Guinea Admiral of the Fleet Sir Fairfax _________ Port Moresby
54%
KwaZulu-Natal, South Africa Lieutenant General Sir Benjamin _________ Durban
49%
Falkland Islands Prime Minister Edward Smith-_________ , 14th Earl of Derby Stanley
41%
Delaware, US Sir Spencer Compton, 1st Earl of _________ Wilmington
41%
New Brunswick, Canada Prince _________, Duke of York and Albany Fredericton
29%
No matching quizzes found
Score Distribution
Percent of People with Each Score
Percentile by Number Answered
Your Score History
You have not taken this quiz